00770 a2200217 4500010001400000020002600014035001300040037001600053082001200069090001700081100002000098245010200118250001100220260004400231270004800275300002900323500001900352942002700371999001700398952013700415 aENG-89183 a9788120334465c395.00 aEN-72716 bDBAD / PUB14a624.171 c10464d104641 aChopra, Anil K.1 aDynamics of structures :btheory and applicatiions to earthquake engineering /cby Anil K Chopra a3rd ed aNew DelhibPrentice-Hall of Indiac2008 aM-97, Connaught Circus,bNew Delhie110001 axxxiv,876pc24 cm (pbk) aIncludes index adplcENk624.171 / CHO c10191d10191 00102ddc40718NFICaDBADbDBADeDBAD/PUBg395.00l0o624.171 CHOpEN-72716r2008-09-15 00:00:00t1u11221v395.00w2008-09-15yEN